Международные Авиарейсы из Москвы - Statistics

General Stats
  • This quiz has been taken 83 times
  • The average score is 41 of 100
Answer Stats
Страна Направление % Correct
Азербайджан Баку
99%
Беларусь Минск
97%
Армения Ереван
96%
Египет Каир
96%
Казахстан Астана
93%
Китай Пекин
90%
Алжир Алжир
89%
Афганистан Кабул
89%
Иран Тегеран
86%
Индия Дели
85%
Казахстан Алма-Ата
82%
Киргизия Бишкек
82%
Грузия Тбилиси
82%
ОАЭ Дубай
80%
Сербия Белград
79%
Турция Стамбул
79%
ОАЭ Абу-Даби
77%
Беларусь Брест
76%
Беларусь Гомель
75%
Китай Шанхай
75%
Таиланд Бангкок
75%
Узбекистан Ташкент
75%
Катар Доха
73%
Венесуэла Каракас
72%
Сирия Дамаск
70%
Таджикистан Душанбе
69%
Беларусь Витебск
66%
Турция Анталья
65%
Куба Гавана
63%
Казахстан Караганда
62%
Израиль Тель-Авив
61%
Ирак Багдад
59%
Египет Шарм-эль-Шейх
56%
Мальдивы Мале
56%
Турмения Ашхабад
56%
Эфиопия Аддис-Абеба
56%
Китай Гуанчжоу
55%
Оман Маскат
55%
Вьетнам Хошимин
51%
Китай Гонконг
49%
Грузия Батуми
49%
Казахстан Шымкент
48%
Киргизия Ош
48%
Кувейт Эль-Кувейт
48%
Узбекистан Самарканд
46%
Шри-Ланка Коломбо
46%
Таиланд Пхукет
41%
Турция Измир
41%
Бахрейн Бахрейн
41%
Египет Хургада
39%
Марокко Касабланка
39%
Казахстан Актобе
38%
Казахстан Актау
37%
Казахстан Атырау
34%
Узбекистан Бухара
32%
Грузия Кутаиси
28%
Индия Гоа
27%
Азербайджан Гянджа
25%
Казахстан Костанай
25%
ОАЭ Шарджа
25%
Китай Чунцин
24%
Армения Гюмри
23%
Китай Урумчи
21%
Китай Харбин
21%
Узбекистан Фергана
21%
Турция Бодрум
20%
Китай Чэнду
17%
Казахстан Усть-Каменогорск
17%
Китай Санья
15%
Азербайджан Нахичевань
15%
Мали Бамако
15%
Афганистан Мазари-Шариф
14%
Китай Сиань
10%
Китай Шэньчжэнь
10%
Куба Варадеро
10%
Азербайджан Ленкорань
10%
Киргизия Иссык-Куль
8%
Таджикистан Бохтар
8%
Таджикистан Худжанд
8%
Узбекистан Наманган
8%
Сейшелы Сейшелы
7%
Казахстан Тараз
7%
Китай Хайкоу
6%
Китай Циндао
6%
ОАЭ Рас-эль-Хайма
6%
Турция Адана
6%
Узбекистан Ургенч
6%
Таджикистан Куляб
6%
Узбекистан Нукус
6%
Турция Даламан
4%
Китай Шэньян
3%
Куба Кайо-Коко
3%
Таиланд Краби
3%
Узбекистан Навои
3%
Венесуэла Порламар
1%
Китай Ханчжоу
1%
Турция Газипаша
1%
Узбекистан Термез
1%
Китай Чжэнчжоу
0%
Китай Тайюань
0%
No matching quizzes found
Score Distribution
Percent of People with Each Score
Percentile by Number Answered
Your Score History
You have not taken this quiz